Auditing Exclusively (Record no. 152789)
[ view plain ]
| 000 -LEADER | |
|---|---|
| fixed length control field | 00530nam a22002057a 4500 |
| 003 - CONTROL NUMBER IDENTIFIER | |
| control field | dpl |
| 005 - DATE AND TIME OF LATEST TRANSACTION | |
| control field | 20180618144458.0 |
| 008 - FIXED-LENGTH DATA ELEMENTS--GENERAL INFORMATION | |
| fixed length control field | 180618b xxu||||| |||| 00| 0 eng d |
| 010 ## - LIBRARY OF CONGRESS CONTROL NUMBER | |
| LC control number | B-012143 |
| 020 ## - INTERNATIONAL STANDARD BOOK NUMBER | |
| Terms of availability | 0.00 |
| 035 ## - SYSTEM CONTROL NUMBER | |
| System control number | B-012143 |
| 037 ## - SOURCE OF ACQUISITION | |
| Source of stock number/acquisition | BPPD/PUB |
| 040 ## - CATALOGING SOURCE | |
| Original cataloging agency | dpl |
| Language of cataloging | English |
| Transcribing agency | 0 |
| 082 ## - DEWEY DECIMAL CLASSIFICATION NUMBER | |
| Classification number | 657.45 |
| 100 ## - MAIN ENTRY--PERSONAL NAME | |
| Personal name | Porwal (L.S.) |
| 245 ## - TITLE STATEMENT | |
| Title | Auditing Exclusively |
| Statement of responsibility, etc | by L.S. Porwal |
| 300 ## - PHYSICAL DESCRIPTION | |
| Extent | V; 469p. |
| Dimensions | 23 cm (Hb) |
| 650 ## - SUBJECT ADDED ENTRY--TOPICAL TERM | |
| Topical term or geographic name as entry element | Auditing |
| 942 ## - ADDED ENTRY ELEMENTS (KOHA) | |
| Institution code [OBSOLETE] | dpl |
| Koha item type | English Books |
| Call number prefix | 657.45 / POR |
| Source of classification or shelving scheme | Dewey Decimal Classification |
| Classification part | 657.45 |
| Call number suffix | POR |
| Withdrawn status | Lost status | Source of classification or shelving scheme | Damaged status | Not for loan | Collection code | Home library | Current library | Date acquired | Source of acquisition | Cost, normal purchase price | Total Checkouts | Full call number | Barcode | Date last seen | Cost, replacement price | Price effective from | Koha item type |
|---|---|---|---|---|---|---|---|---|---|---|---|---|---|---|---|---|---|
| Dewey Decimal Classification | Non-fiction | Shahdara Branch | Shahdara Branch | 18/06/2018 | BPPD/PUB | 0.00 | 657.45 POR | B-012143 | 18/06/2018 | 0.00 | 18/06/2018 | English Books |
